Score 0/22 Timer 02:00
1 Play Today
Clue 4-Letter Word % Correct
A loud, aggressive form of rock musicPUNK
84.3%
Group of wild animals living and hunting togetherPACK
83.9%
Hard rubber disk🏒 PUCK 🏒
83.4%
Kick without a tee🏈 PUNT 🏈
83.4%
Breathe hard after exertion or excitementPANT
78.4%
Quarter, Running, or Full, e.g.🏈 BACK 🏈
78.4%
A person in charge of a worker or organizationBOSS
78.2%
Formal agreement between individuals or partiesPACT
77.2%
The Beach Boys' '___ Vibrations'GOOD
75.6%
Safe place on a diamond⚾ BASE ⚾
74.4%
Tightly wrapped bundle of hayBALE
74.2%
Clue 4-Letter Word % Correct
An American company specializing audio devicesBOSE
72.9%
Pitcher's boo-boo⚾ BALK ⚾
69.4%
Feathery scarfsBOAS
65.5%
One may go into an empty net🏒 GOAL 🏒
62.2%
Provoke to angerGOAD
60.4%
Covering for the head with an opening for the faceHOOD
54.6%
Famous Brazilian director, writer, and politicianBOAL
48.6%
What an air ball misses🏀 HOOP 🏀
47.5%
Sticky semiliquidGOOP
40.4%
When a player exaggerates contact to draw a foul🏀 FLOP 🏀
40.3%
Unappealing bowlful of unappetizing foodGLOP
33.1%

Today's Daily Dose

Remove Ads.
Support Sporcle.
Get the best of Sporcle when you Go Orange. This ad-free experience offers more features, more stats, and more fun while also helping to support Sporcle. Thank you for becoming a member.

You're not logged in!

Compare scores with friends on all Sporcle quizzes.
OR
Log In

Show Comments

Extras

Top Quizzes Today


Score Distribution

Your Account Isn't Verified!

In order to create a playlist on Sporcle, you need to verify the email address you used during registration. Go to your Sporcle Settings to finish the process.

Report this User

Report this user for behavior that violates our Community Guidelines.

Details: